<?xml version="1.0" encoding="UTF-8"?>
<record
    xmlns:xsi="http://www.w3.org/2001/XMLSchema-instance"
    xsi:schemaLocation="http://www.loc.gov/MARC21/slim http://www.loc.gov/standards/marcxml/schema/MARC21slim.xsd"
    xmlns="http://www.loc.gov/MARC21/slim">

  <leader>00731nam a22001337a 4500</leader>
  <datafield tag="040" ind1=" " ind2=" ">
    <subfield code="c">RUA</subfield>
  </datafield>
  <datafield tag="082" ind1=" " ind2=" ">
    <subfield code="a">AGR KEN 2021 B1.586 Or.</subfield>
  </datafield>
  <datafield tag="100" ind1=" " ind2=" ">
    <subfield code="a">KEN MAB &#x1780;&#x17C2;&#x1793;&#x200B;&#x200B; &#x1798;&#x17C9;&#x17B6;&#x1794;&#x17CB;</subfield>
  </datafield>
  <datafield tag="245" ind1=" " ind2=" ">
    <subfield code="a">EVALUATION OF CAMBODIAN RICE VARIETIES AT SEEDLING STAGE FOR SALINITY TOLERANCE BY PHYSIOLOGICAL CHARARS &#x1780;&#x17B6;&#x179A;&#x179C;&#x17B6;&#x1799;&#x178F;&#x1798;&#x17D2;&#x179B;&#x17C3;&#x1796;&#x17BC;&#x1787;&#x179F;&#x17D2;&#x179A;&#x17BC;&#x179C;&#x1780;&#x1798;&#x17D2;&#x1796;&#x17BB;&#x1787;&#x17B6;&#x1793;&#x17C5;&#x178A;&#x17C6;&#x178E;&#x17B6;&#x1780;&#x17CB;&#x1780;&#x17B6;&#x179B;&#x179F;&#x17C6;&#x178E;&#x17B6;&#x1794;&#x179F;&#x1798;&#x17D2;&#x179A;&#x17B6;&#x1794;&#x17CB;&#x1780;&#x17B6;&#x179A;&#x1792;&#x1793;&#x17CB;&#x1793;&#x17B9;&#x1784;&#x17A2;&#x17C6;&#x1794;&#x17B7;&#x179B;&#x178A;&#x17C4;&#x1799;&#x179B;&#x1780;&#x17D2;&#x1781;&#x178E;&#x17C7;&#x179F;&#x179A;&#x17B7;&#x179A;&#x179C;&#x17B7;&#x1791;&#x17D2;&#x1799;&#x17B6;</subfield>
  </datafield>
  <datafield tag="260" ind1=" " ind2=" ">
    <subfield code="a">PHNOM PENH</subfield>
    <subfield code="b">RUA</subfield>
    <subfield code="c">2021</subfield>
  </datafield>
  <datafield tag="300" ind1=" " ind2=" ">
    <subfield code="a">VIII.44P</subfield>
    <subfield code="b">V.</subfield>
    <subfield code="c">29CM</subfield>
  </datafield>
  <datafield tag="856" ind1=" " ind2=" ">
    <subfield code="u">https://drive.google.com/file/d/15RzNLmD3wtHHSam0jAzU4xJcfZw9hMLf/view?usp=sharing</subfield>
  </datafield>
  <datafield tag="942" ind1=" " ind2=" ">
    <subfield code="c">AGR</subfield>
  </datafield>
  <datafield tag="999" ind1=" " ind2=" ">
    <subfield code="c">22676</subfield>
    <subfield code="d">22676</subfield>
  </datafield>
  <datafield tag="952" ind1=" " ind2=" ">
    <subfield code="0">0</subfield>
    <subfield code="1">0</subfield>
    <subfield code="2">ddc</subfield>
    <subfield code="4">0</subfield>
    <subfield code="6">AGR_KEN_2021_000000000000000_B1586_OR</subfield>
    <subfield code="7">0</subfield>
    <subfield code="9">97438</subfield>
    <subfield code="a">LBB</subfield>
    <subfield code="b">LBB</subfield>
    <subfield code="c">B1.586</subfield>
    <subfield code="d">2024-03-25</subfield>
    <subfield code="o">AGR KEN 2021 B1-586 Or.</subfield>
    <subfield code="p">a078345</subfield>
    <subfield code="r">2024-03-25</subfield>
    <subfield code="w">2024-03-25</subfield>
    <subfield code="y">AGR</subfield>
  </datafield>
  <datafield tag="952" ind1=" " ind2=" ">
    <subfield code="0">0</subfield>
    <subfield code="1">0</subfield>
    <subfield code="2">ddc</subfield>
    <subfield code="4">0</subfield>
    <subfield code="6">AGR_KEN_2021_000000000000000_B1586_OR</subfield>
    <subfield code="7">0</subfield>
    <subfield code="9">97439</subfield>
    <subfield code="a">LBB</subfield>
    <subfield code="b">LBB</subfield>
    <subfield code="c">B1.586</subfield>
    <subfield code="d">2024-03-25</subfield>
    <subfield code="o">AGR KEN 2021 B1-586 Or.</subfield>
    <subfield code="p">a078585</subfield>
    <subfield code="r">2024-03-25</subfield>
    <subfield code="w">2024-03-25</subfield>
    <subfield code="y">AGR</subfield>
  </datafield>
  <datafield tag="952" ind1=" " ind2=" ">
    <subfield code="0">0</subfield>
    <subfield code="1">0</subfield>
    <subfield code="2">ddc</subfield>
    <subfield code="4">0</subfield>
    <subfield code="6">AGR_KEN_2021_000000000000000_B1586_OR</subfield>
    <subfield code="7">0</subfield>
    <subfield code="9">97441</subfield>
    <subfield code="a">LBB</subfield>
    <subfield code="b">LBB</subfield>
    <subfield code="c">B1.586</subfield>
    <subfield code="d">2024-03-25</subfield>
    <subfield code="o">AGR KEN 2021 B1-586 Or.</subfield>
    <subfield code="p">a078529</subfield>
    <subfield code="r">2024-03-25</subfield>
    <subfield code="w">2024-03-25</subfield>
    <subfield code="y">AGR</subfield>
  </datafield>
</record>
